LEADER 00536nab a2200133 i 4500 001 000000322331 003 CaOOAMICUS 005 20180831173403.0 008 180831n it uu u0 0ita r 013 $a32625 040 $aSeMil$bita 245 10$aGiorno di mercato. "Il perdono di Dio e le umili storie della nostra gente". - In [rubrica] :$bDiario. 773 0 $t[MARZO 2005]. - 32 p.$gp.6-8$w()260376 996 $6245$aGiorno di mercato. "Il perdono di Dio e le umili storie della nostra gente". - In [rubrica] :$bDiario.$9(OLS)http://semarc/title/395861 LEADER 00647naa a2200157 i 4500 001 000000319079 003 CaOOAMICUS 005 20180831173300.0 008 180831n it u000 u ita u 013 $a28708 040 $aSeMil$bita 100 1 $aBonini, Francesco,$d<1957- >.$0(OLS)http://semarc/name/88698 245 10$aDieci forum del progetto culturale. Un percorso. 650 4$aChiesa - Italia - Progetto culturale.$0(OLS)http://semarc/subject/13921 773 0 $tNei 150 anni dell'unita d'Italia.$dBologna : EDB, 2011.$z978-88-10-14067-3$gp.69-76$w()207263 996 $6245$aDieci forum del progetto culturale. Un percorso$9(OLS)http://semarc/title/392871